000 01109nam a2200409Ia 4500
005 20250425162631.0
008 250425s9999 xx 000 0 und d
020 _a9788498769821
041 _aspa
082 _a337
100 _aMARQUEZ RAMOS, LAURA
245 0 _aECONOMIA MUNDIAL
250 _a1A ED.
260 _aEspaƱa
_bTIRANT LO BLANCH
_c2010
260 _aVALENCIA
300 _a124
650 _aCOMERCIO EXTERIOR
650 _aCOMERCIO EXTERIOR
650 _aCOMERCIO EXTERIOR
650 _aCOMERCIO EXTERIOR
650 _aCOMERCIO EXTERIOR
650 _aCOMERCIO EXTERIOR
650 _aCOMERCIO EXTERIOR
650 _aECONOMIA INTERNACIONAL
650 _aECONOMIA INTERNACIONAL
650 _aECONOMIA INTERNACIONAL
650 _aECONOMIA INTERNACIONAL
650 _aECONOMIA INTERNACIONAL
650 _aECONOMIA INTERNACIONAL
650 _aECONOMIA INTERNACIONAL
700 _aDOMENECH I. DE SORIA, JOSEP
700 _aMARTI SELVA, MARIA LUISA
700 _aMARTINEZ GOMEZ, LORENZO
700 _aMAS VERDU, FRANCISCO
942 _c01
010 _a91669
999 _c233292
_d233292